| 000 | 00716pam a2200229 a 4500 | ||
|---|---|---|---|
| 001 | 580351 | ||
| 005 | 20250522125455.0 | ||
| 008 | 901010r19931981mdua b 001 0 eng | ||
| 020 | _a0819180734 (paper) | ||
| 050 | 1 | 0 |
_aHB172 _b.W37 1993 |
| 082 | 0 | 0 |
_a338.5/21 _220 |
| 100 | 1 | _aWatson, Donald Stevenson. | |
| 245 | 1 | 0 |
_aPrice theory and its uses / _cDonald Stevenson Watson, Malcolm Getz. |
| 250 | _a5th ed. | ||
| 260 |
_aLanham, MD : _bUniversity Press of America, _c1993. |
||
| 300 |
_avxi, 534 p. : _bill. ; _c22 cm. |
||
| 500 | _aReprint. Originally published: 5th ed. Boston : Houghton Mifflin, c1981. | ||
| 650 | 0 | _aMicroeconomics. | |
| 650 | 0 | _aPrices. | |
| 700 | 1 | _aGetz, Malcolm. | |
| 942 |
_2lcc _cBK _n0 |
||
| 999 |
_c5915 _d5915 |
||